00461nam a2200181Ia 4500003000400000005001700004008004100021020001500062040000700077041000800084082001700092100002200109245005300131260004200184300001500226365000800241650003000249OSt20230425165241.0210423s1998 xx 000 0 und d a8131500519 cAL aeng a581.88 WESP aWESTHOFF (Peter). aMolecular plant development: from gene to plant. aOxfordbOxford University Pressc1998 axi,271bPB cINR aTissue & Molecular Botany